[Event "25th Abu Dhabi Master 2018"]
[Site "Abu Dhabi"]
[Date "2018.08.13"]
[Round "7"]
[White "Song, Yuxin"]
[Black "Eric, Jovana"]
[Result "1/2-1/2"]
[WhiteElo "2126"]
[BlackElo "2307"]
[Annotator "TA"]
[PlyCount "121"]
[EventDate "2018.08.05"]
[EventType "swiss"]
[EventCountry "UAE"]
[SourceTitle "playchess.com"]
[Source "ChessBase"]
[SourceQuality "1"]

1. e4 d6 2. d4 Nf6 3. Nc3 e5 4. Nf3 Nbd7 5. Bc4 Be7 6. O-O c6 7. a4 Qc7 8. h3 h6 9. Bb3 Nf8 10. Be3 Ng6 11. Qd2 a6 12. a5 O-O 13. Rfd1 Kh7 14. Qe2 Nh5 15. dxe5 Nhf4 16. Qd2 dxe5 17. Bb6 Qb8 18. Qe3 f5 19. Ra4 fxe4 20. Nxe4 Bf5 21. Ng3 Qc8 22. Nxe5 Bg5 23. Nxf5 Qxf5 24. Nxg6 Qxg6 25. Qe4 Rf5 26. g4 Rf6 27. Qxg6+ Kxg6 28. Rd7 Nxh3+ 29. Kg2 Nf4+ 30. Kf1 Rff8 31. Bd4 h5 32. Rxg7+ Kh6 33. Rxb7 Rfd8 34. Rc7 hxg4 35. Rc4 Rd6 36. R4xc6 Rad8 37. Bf7 Bf6 38. c3 Kg5 39. Rc5+ Kh6 40. Rf5 Bxd4 41. Rxf4 Be5 42. Rfc4 Rd1+ 43. Kg2 Bxc7 44. Rxc7 Kg5 45. Be6 R8d6 46. Bc8 R1d2 47. Rg7+ Kh6 48. Rb7 Rf6 49. Bxg4 Rfxf2+ 50. Kg3 Rg2+ 51. Kf4 Rdf2+ 52. Bf3 Rh2 53. Rb6+ Kg7 54. Kg3 Rxb2 55. Rxa6 Rhc2 56. Rc6 Rb3 57. a6 Rcxc3 58. Rxc3 Rxc3 59. a7 Ra3 60. a8=Q Rxa8 61. Bxa8 1/2-1/2

[Event "25th Abu Dhabi Master 2018"]
[Site "Abu Dhabi"]
[Date "2018.08.13"]
[Round "7"]
[White "Mayank, Pal"]
[Black "Vantika, Agrawal"]
[Result "*"]
[WhiteElo "2100"]
[BlackElo "2225"]
[Annotator "TA"]
[PlyCount "37"]
[EventDate "2018.08.05"]
[EventType "swiss"]
[EventCountry "UAE"]
[SourceTitle "playchess.com"]
[Source "ChessBase"]
[SourceQuality "1"]

1. Nf3 Nf6 2. g3 d5 3. Bg2 e6 4. O-O Be7 5. c4 O-O 6. b3 c5 7. cxd5 Nxd5 8. Bb2 Nc6 9. d4 cxd4 10. Nxd4 Nxd4 11. Qxd4 Bf6 12. Qd2 Nf4 13. gxf4 Qxd2 14. Nxd2 Bxb2 15. Rab1 Bf6 16. Rbc1 Rd8 17. Ne4 Be7 18. Rc7 Kf8 19. Rfc1 *

[Event "25th Abu Dhabi Master 2018"]
[Site "Abu Dhabi"]
[Date "2018.08.13"]
[Round "7"]
[White "Panda, Sambit"]
[Black "Bhakti, Kulkarni"]
[Result "0-1"]
[WhiteElo "2043"]
[BlackElo "2312"]
[Annotator "NA"]
[PlyCount "76"]
[EventDate "2018.08.05"]
[EventType "swiss"]
[EventCountry "UAE"]
[SourceTitle "playchess.com"]
[Source "ChessBase"]
[SourceQuality "1"]

1. d4 d6 2. Nf3 Bg4 3. e4 Nf6 4. Nc3 e6 5. h3 Bh5 6. g4 Bg6 7. Qe2 c6 8. Bg2 d5 9. exd5 Nxd5 10. Nxd5 Qxd5 11. O-O Qe4 12. Re1 Qxc2 13. Bd2 Qd3 14. Qe5 Nd7 15. Qc7 Qb5 16. Ng5 Be7 17. Nxe6 fxe6 18. Rxe6 O-O 19. Rxe7 Qxb2 20. Rf1 Qxd2 21. Rxd7 Bf7 22. Qxb7 Qxa2 23. Bxc6 Rad8 24. d5 Rxd7 25. Qxd7 a5 26. Qe7 Bxd5 27. Bxd5+ Qxd5 28. Rc1 a4 29. Rc3 h6 30. Qe3 Rb8 31. Kh2 Ra8 32. Rd3 Qc6 33. Qe7 Qb6 34. Rf3 a3 35. Qe4 Qb8+ 36. Kg2 a2 37. Qc4+ Kh8 38. Rb3 Qg8 0-1

[Event "25th Abu Dhabi Master 2018"]
[Site "Abu Dhabi"]
[Date "2018.08.13"]
[Round "7"]
[White "Priyanka, Kumari"]
[Black "Gajwa, Ankit"]
[Result "1-0"]
[WhiteElo "2005"]
[BlackElo "2223"]
[Annotator "TA"]
[PlyCount "75"]
[EventDate "2018.08.05"]
[EventType "swiss"]
[EventCountry "UAE"]
[SourceTitle "playchess.com"]
[Source "ChessBase"]
[SourceQuality "1"]

1. e4 c5 2. Nf3 d6 3. d4 cxd4 4. Nxd4 Nf6 5. Nc3 g6 6. Bg5 Bg7 7. Bb5+ Bd7 8. Qe2 O-O 9. O-O-O a6 10. Bxd7 Nbxd7 11. Kb1 Rc8 12. Nd5 h6 13. Nxf6+ Nxf6 14. Bc1 Qc7 15. Rhe1 Rfd8 16. f4 e5 17. Nf3 exf4 18. Bxf4 Qb6 19. Qe3 Rc5 20. e5 Ng4 21. Qd4 Rdc8 22. Qxd6 Qa5 23. Qd2 Qa4 24. c3 g5 25. Bg3 Qb5 26. Qd3 Qa5 27. Qd7 Rxc3 28. bxc3 Qxc3 29. Qd2 Qc6 30. Rc1 Qb6+ 31. Qb2 Qg6+ 32. Ka1 Rxc1+ 33. Rxc1 Ne3 34. Qc3 Nf5 35. Qc2 g4 36. Ne1 Qg5 37. Nd3 Qe3 38. Qc8+ 1-0

[Event "25th Abu Dhabi Master 2018"]
[Site "Abu Dhabi"]
[Date "2018.08.13"]
[Round "7"]
[White "Nitin, Shankar Madhu"]
[Black "Jojua, Davit"]
[Result "1/2-1/2"]
[WhiteElo "1982"]
[BlackElo "2583"]
[Annotator "TA"]
[PlyCount "49"]
[EventDate "2018.08.05"]
[EventType "swiss"]
[EventCountry "UAE"]
[SourceTitle "playchess.com"]
[Source "ChessBase"]
[SourceQuality "1"]

1. e4 c5 2. Nf3 e6 3. d4 cxd4 4. Nxd4 a6 5. Nc3 b5 6. Be2 Bb7 7. O-O b4 8. Na4 Bxe4 9. Bf3 Nf6 10. Bxe4 Nxe4 11. Re1 d5 12. Nxe6 fxe6 13. Qh5+ g6 14. Qe5 Qf6 15. Rxe4 Qxe5 16. Rxe5 Kf7 17. Bg5 Nd7 18. Re3 h6 19. Rf3+ Kg7 20. Bf4 g5 21. Bg3 Kg6 22. Re1 Re8 23. Rfe3 Kf7 24. Rf3+ Kg6 25. Rfe3 1/2-1/2

[Event "25th Abu Dhabi Master 2018"]
[Site "Abu Dhabi"]
[Date "2018.08.14"]
[Round "8"]
[White "Le, Quang Liem"]
[Black "Aryan Chopra"]
[Result "1-0"]
[WhiteElo "2727"]
[BlackElo "2536"]
[Annotator "TA"]
[PlyCount "97"]
[EventDate "2018.08.05"]
[EventType "swiss"]
[EventCountry "UAE"]
[SourceTitle "playchess.com"]
[Source "ChessBase"]
[SourceQuality "1"]

1. Nf3 Nf6 2. c4 g6 3. Nc3 Bg7 4. e4 d6 5. d4 O-O 6. h3 e5 7. d5 Nh5 8. g3 f5 9. exf5 gxf5 10. Bg5 Qe8 11. Be2 Na6 12. Nh4 Nf6 13. Rg1 Kh8 14. Qc2 Nb4 15. Qd2 a5 16. Be3 f4 17. gxf4 exf4 18. Bxf4 Ng4 19. Rg3 Rxf4 20. Qxf4 Nc2+ 21. Kf1 Be5 22. Qc1 Bxg3 23. hxg4 Nxa1 24. fxg3 Qe5 25. Kg2 Qd4 26. Qxa1 Bxg4 27. Qf1 Bxe2 28. Qxe2 Rf8 29. Nb5 Qg7 30. Nf3 Rg8 31. Qf2 Qe7 32. Qd4+ Rg7 33. Nc3 Kg8 34. Ne4 Rg6 35. Kf2 Qf7 36. Ke2 Qe7 37. Nh4 Rg5 38. Kd3 Re5 39. Nf3 Rf5 40. Qe3 b5 41. b3 bxc4+ 42. bxc4 Qd7 43. Nd4 Rf1 44. Qg5+ Kh8 45. Ne6 Rf3+ 46. Ke2 Rf7 47. Nf6 Qc8 48. Ng4 Qb8 49. Qd2 1-0

[Event "25th Abu Dhabi Master 2018"]
[Site "Abu Dhabi"]
[Date "2018.08.14"]
[Round "8"]
[White "Cheparinov, Ivan"]
[Black "Karthikeyan, Murali"]
[Result "1-0"]
[WhiteElo "2718"]
[BlackElo "2609"]
[Annotator "TA"]
[PlyCount "111"]
[EventDate "2018.08.05"]
[EventType "swiss"]
[EventCountry "UAE"]
[SourceTitle "playchess.com"]
[Source "ChessBase"]
[SourceQuality "1"]

1. e4 c5 2. Nf3 d6 3. d4 cxd4 4. Nxd4 Nf6 5. Nc3 Nc6 6. Bg5 e6 7. Qd2 a6 8. O-O-O Bd7 9. f3 Be7 10. Kb1 b5 11. h4 h6 12. Be3 Nxd4 13. Qxd4 Qc7 14. g4 Bc6 15. Bh3 b4 16. Ne2 Rc8 17. Qd2 Nd7 18. Nd4 Ne5 19. b3 Nxf3 20. Nxf3 Bxe4 21. Nd4 e5 22. Nf5 Qxc2+ 23. Qxc2 Rxc2 24. Ng3 Bh7 25. Nf5 Re2 26. Rde1 Rxe1+ 27. Rxe1 Bxh4 28. Rc1 Kd7 29. Kb2 Bg5 30. a3 d5 31. Re1 Bxf5 32. gxf5 bxa3+ 33. Kxa3 Bxe3 34. Rxe3 Kd6 35. Rg3 Rg8 36. b4 e4 37. Bf1 Ke5 38. Bxa6 Kf4 39. Rg1 Ra8 40. b5 e3 41. Kb4 e2 42. Kc5 Ke3 43. b6 Kf2 44. Bxe2 Kxg1 45. Bf3 g5 46. f6 Rf8 47. Kxd5 Kf2 48. Bh5 Kg3 49. b7 Rb8 50. Kc6 Kf4 51. Kc7 Rf8 52. Kd6 g4 53. Bxf7 g3 54. Ke7 Rb8 55. Bd5 Ke5 56. Bg2 1-0

[Event "25th Abu Dhabi Master 2018"]
[Site "Abu Dhabi"]
[Date "2018.08.14"]
[Round "8"]
[White "Wang, Hao"]
[Black "Aravindh, Chithambaram VR"]
[Result "1/2-1/2"]
[WhiteElo "2711"]
[BlackElo "2581"]
[Annotator "TA"]
[PlyCount "79"]
[EventDate "2018.08.05"]
[EventType "swiss"]
[EventCountry "UAE"]
[SourceTitle "playchess.com"]
[Source "ChessBase"]
[SourceQuality "1"]

1. e4 e5 2. Nf3 Nc6 3. Bc4 Bc5 4. d3 Nf6 5. c3 d6 6. O-O a6 7. a4 Ba7 8. Nbd2 O-O 9. h3 h6 10. Re1 Re8 11. b4 Be6 12. Bxe6 Rxe6 13. Nf1 Ne7 14. Ng3 d5 15. Qc2 Ng6 16. c4 c6 17. c5 a5 18. b5 cxb5 19. axb5 Rc8 20. Ba3 Bxc5 21. Bxc5 Nd7 22. exd5 Rxc5 23. Qb3 Rb6 24. Rxa5 Nf6 25. Nxe5 Qxd5 26. Ra8+ Kh7 27. Qxd5 Rxd5 28. Nxf7 Rbxb5 29. Ne4 Nxe4 30. Rxe4 Rxd3 31. Rd8 Rbd5 32. Ree8 b5 33. g3 b4 34. Rxd5 Rxd5 35. Rb8 b3 36. Kg2 Rd7 37. Nd8 Rd6 38. f4 b2 39. Nf7 Rd7 40. f5 1/2-1/2

[Event "25th Abu Dhabi Master 2018"]
[Site "Abu Dhabi"]
[Date "2018.08.14"]
[Round "8"]
[White "Amin, Bassem"]
[Black "Fier, Alexandr"]
[Result "1-0"]
[WhiteElo "2684"]
[BlackElo "2561"]
[Annotator "TA"]
[PlyCount "77"]
[EventDate "2018.08.05"]
[EventType "swiss"]
[EventCountry "UAE"]
[SourceTitle "playchess.com"]
[Source "ChessBase"]
[SourceQuality "1"]

1. Nf3 c5 2. g3 Nf6 3. Bg2 d5 4. O-O g6 5. d3 Bg7 6. Nbd2 O-O 7. e4 Nc6 8. Re1 e5 9. exd5 Nxd5 10. c3 b6 11. Nc4 Re8 12. Ng5 f6 13. Qb3 Nce7 14. Ne4 Be6 15. f4 Nc7 16. fxe5 fxe5 17. Qc2 Rf8 18. Ng5 Bd5 19. Nxe5 Bxg2 20. Qxg2 Bxe5 21. Rxe5 Qxd3 22. Bf4 Qd7 23. Qe4 Nc6 24. Qc4+ Kg7 25. Ree1 Qf5 26. Rad1 Rae8 27. Rf1 b5 28. Qd3 Qxd3 29. Rxd3 Ne6 30. Nxe6+ Rxe6 31. Bh6+ Kxh6 32. Rxf8 Re1+ 33. Rf1 Re2 34. Rf2 Re1+ 35. Kg2 Ne5 36. Rd5 Ng4 37. Rf4 Ne3+ 38. Kf2 Nxd5 39. Rh4+ 1-0

[Event "25th Abu Dhabi Master 2018"]
[Site "Abu Dhabi"]
[Date "2018.08.14"]
[Round "8"]
[White "Korobov, Anton"]
[Black "Rapport, Richard"]
[Result "1-0"]
[WhiteElo "2664"]
[BlackElo "2719"]
[Annotator "TA"]
[PlyCount "108"]
[EventDate "2018.08.05"]
[EventType "swiss"]
[EventCountry "UAE"]
[SourceTitle "playchess.com"]
[Source "ChessBase"]
[SourceQuality "1"]

1. d4 e6 2. c4 b6 3. a3 Bb7 4. Nc3 Nf6 5. Nf3 Ne4 6. Nxe4 Bxe4 7. Nd2 Bg6 8. g3 Nc6 9. e3 e5 10. d5 Na5 11. Bg2 Bd6 12. b4 Nb7 13. Bb2 a5 14. O-O O-O 15. Qb3 Qe7 16. Bc3 Bd3 17. Rfc1 e4 18. Bf1 Bxf1 19. Kxf1 Ra7 20. Rab1 axb4 21. axb4 Rfa8 22. Qd1 f5 23. Kg2 Ra4 24. Ra1 Ra3 25. Rxa3 Rxa3 26. c5 bxc5 27. Nc4 Ra8 28. b5 Qf7 29. Rb1 Bf8 30. b6 d6 31. bxc7 Qxc7 32. g4 fxg4 33. Qxg4 Re8 34. Qh5 g6 35. Qh4 Qf7 36. Qf6 Qxf6 37. Bxf6 Be7 38. Rxb7 Bxf6 39. Nxd6 Re5 40. Rc7 Rg5+ 41. Kf1 Rxd5 42. Nxe4 Be5 43. Rc8+ Kf7 44. f4 Bd6 45. Ng5+ Ke7 46. Ke2 h6 47. Ne4 Rh5 48. Rc6 Rd5 49. h4 g5 50. Rxd6 Rxd6 51. Nxd6 Kxd6 52. fxg5 hxg5 53. hxg5 Ke6 54. e4 Ke5 1-0

[Event "25th Abu Dhabi Master 2018"]
[Site "Abu Dhabi"]
[Date "2018.08.14"]
[Round "8"]
[White "Short, Nigel D"]
[Black "Sindarov, Javokhir"]
[Result "1/2-1/2"]
[WhiteElo "2659"]
[BlackElo "2488"]
[Annotator "TA"]
[PlyCount "95"]
[EventDate "2018.08.05"]
[EventType "swiss"]
[EventCountry "UAE"]
[SourceTitle "playchess.com"]
[Source "ChessBase"]
[SourceQuality "1"]

1. e4 e5 2. Nf3 Nc6 3. Bb5 a6 4. Ba4 Nf6 5. O-O Be7 6. Qe2 b5 7. Bb3 d6 8. c3 Na5 9. Bc2 c5 10. d4 cxd4 11. cxd4 Bg4 12. d5 O-O 13. h3 Bxf3 14. Qxf3 Rc8 15. Bd3 Nd7 16. b4 Nc4 17. a4 bxa4 18. Rxa4 a5 19. bxa5 Nxa5 20. Ra3 Nc5 21. Be2 Rb8 22. Nd2 Bg5 23. Rd1 Rb4 24. Qc3 Qb6 25. Qc2 Rb8 26. Qa2 Bd8 27. Kf1 h6 28. g3 Qb7 29. h4 Nab3 30. Nxb3 Nxb3 31. Ra4 Qc8 32. Be3 Nd4 33. Bxd4 exd4 34. Rxb4 Rxb4 35. Rb1 Rxb1+ 36. Qxb1 Bf6 37. h5 Be5 38. Kg2 Qc7 39. Qb5 Kf8 40. Bd1 Bf6 41. f4 Qe7 42. Kf3 Qc7 43. Ba4 Qc8 44. Qb6 Qd8 45. Qa6 Qc7 46. Bc6 Qb8 47. Qb7 Qxb7 48. Bxb7 1/2-1/2

[Event "25th Abu Dhabi Master 2018"]
[Site "Abu Dhabi"]
[Date "2018.08.14"]
[Round "8"]
[White "Kravtsiv, Martyn"]
[Black "Iniyan, P."]
[Result "1/2-1/2"]
[WhiteElo "2654"]
[BlackElo "2464"]
[Annotator "TA"]
[PlyCount "127"]
[EventDate "2018.08.05"]
[EventType "swiss"]
[EventCountry "UAE"]
[SourceTitle "playchess.com"]
[Source "ChessBase"]
[SourceQuality "1"]

1. e4 c5 2. Nf3 d6 3. d4 cxd4 4. Nxd4 Nf6 5. Nc3 a6 6. Nb3 Nc6 7. Be3 Ng4 8. Bd2 e5 9. Nd5 h6 10. c4 Be7 11. Bd3 O-O 12. Qe2 a5 13. a4 Bd7 14. O-O Bg5 15. Bc3 Ne7 16. g3 Nxd5 17. cxd5 h5 18. h3 Nh6 19. f4 Bf6 20. fxe5 Bxe5 21. Bxe5 dxe5 22. Kh2 Qg5 23. Qd2 Qg6 24. Nxa5 f5 25. Nc4 h4 26. gxh4 fxe4 27. Be2 Nf5 28. Qg5 Qa6 29. Rf2 b5 30. Rg1 Qa7 31. Nb6 Qxb6 32. Rxf5 Qxg1+ 33. Qxg1 Rxf5 34. axb5 Raf8 35. Qe3 Rf4 36. h5 Rh4 37. Qg5 Rxh3+ 38. Kg1 e3 39. b6 Bf5 40. Kg2 Bc8 41. Bg4 Bxg4 42. Qxg4 e2 43. Qxe2 Rb3 44. d6 Rxb6 45. Qxe5 Rfb8 46. d7 Rxb2+ 47. Kg3 R8b3+ 48. Kg4 Rb4+ 49. Kg5 Rg2+ 50. Kf5 Rf2+ 51. Kg5 Rg2+ 52. Kf5 Rf2+ 53. Ke6 Rb6+ 54. Ke7 Rf7+ 55. Ke8 Rb8+ 56. Qxb8 Rf8+ 57. Ke7 Rxb8 58. d8=Q+ Rxd8 59. Kxd8 Kf8 60. Kd7 Kf7 61. Kd8 Kf6 62. Ke8 Kg5 63. Kf7 Kxh5 64. Kxg7 1/2-1/2

[Event "25th Abu Dhabi Master 2018"]
[Site "Abu Dhabi"]
[Date "2018.08.14"]
[Round "8"]
[White "Maghsoodloo, Parham"]
[Black "Sargissian, Gabriel"]
[Result "0-1"]
[WhiteElo "2636"]
[BlackElo "2680"]
[Annotator "TA"]
[PlyCount "148"]
[EventDate "2018.08.05"]
[EventType "swiss"]
[EventCountry "UAE"]
[SourceTitle "playchess.com"]
[Source "ChessBase"]
[SourceQuality "1"]

1. Nf3 Nf6 2. g3 d5 3. Bg2 Bf5 4. c4 c6 5. Qb3 Qb6 6. d3 e6 7. O-O Nbd7 8. Qxb6 axb6 9. cxd5 exd5 10. Nd4 Bg6 11. Nd2 Bc5 12. N2b3 O-O 13. Bd2 Rfe8 14. Rfe1 Bf8 15. h3 Nc5 16. f4 Nxb3 17. Nxb3 Nd7 18. e4 dxe4 19. dxe4 f6 20. Kh2 Bf7 21. Nc1 Nc5 22. b3 Bg6 23. f5 Bf7 24. Rb1 Nd7 25. Bc3 b5 26. Rb2 b4 27. Bd4 Rad8 28. Rd2 c5 29. Bb2 Ne5 30. Red1 Rxd2 31. Rxd2 b5 32. Bxe5 Rxe5 33. Rd8 c4 34. Bf3 g6 35. g4 Kg7 36. Kg3 Bc5 37. Rd7 Kf8 38. h4 Be3 39. Ne2 Rc5 40. fxg6 hxg6 41. e5 Rxe5 42. Bc6 cxb3 43. axb3 Bxb3 44. Nd4 Bxd4 45. Rxd4 Bc4 46. Kf3 b3 47. Rd2 f5 48. gxf5 Rxf5+ 49. Ke3 Re5+ 50. Kd4 Rh5 51. Rh2 Kg7 52. Bf3 Rf5 53. Be4 Rh5 54. Bf3 Rh8 55. Kc3 Rf8 56. Bd1 Rd8 57. Bg4 Rd3+ 58. Kb2 Rd4 59. Bf3 Kh6 60. Bc6 Rf4 61. Be8 Rf8 62. Bc6 Rf4 63. Be8 Re4 64. Bc6 Re6 65. Bf3 Ra6 66. Rd2 Ra2+ 67. Kc1 Ra1+ 68. Kb2 Rf1 69. Bd1 Rh1 70. Rd4 Rh2+ 71. Kc3 b2 72. Bc2 b4+ 73. Kxb2 b3 74. Rxc4 Rxc2+ 0-1

[Event "25th Abu Dhabi Master 2018"]
[Site "Abu Dhabi"]
[Date "2018.08.14"]
[Round "8"]
[White "Salem, A.R. Saleh"]
[Black "Dubov, Daniil"]
[Result "1/2-1/2"]
[WhiteElo "2636"]
[BlackElo "2691"]
[Annotator "TA"]
[PlyCount "40"]
[EventDate "2018.08.05"]
[EventType "swiss"]
[EventCountry "UAE"]
[SourceTitle "playchess.com"]
[Source "ChessBase"]
[SourceQuality "1"]

1. d4 Nf6 2. c4 g6 3. Nc3 d5 4. cxd5 Nxd5 5. e4 Nxc3 6. bxc3 Bg7 7. Nf3 c5 8. Rb1 O-O 9. Be2 Bg4 10. O-O cxd4 11. cxd4 Bxf3 12. Bxf3 Bxd4 13. e5 Nc6 14. Bh6 Re8 15. e6 fxe6 16. Qa4 Qd6 17. Rxb7 Ne5 18. Be2 Red8 19. Bg5 Rd7 20. Rxd7 Nxd7 1/2-1/2

[Event "25th Abu Dhabi Master 2018"]
[Site "Abu Dhabi"]
[Date "2018.08.14"]
[Round "8"]
[White "Adly, Ahmed"]
[Black "Nguyen, Anh Khoi"]
[Result "0-1"]
[WhiteElo "2634"]
[BlackElo "2454"]
[Annotator "ChessBase"]
[PlyCount "62"]
[EventDate "2018.08.05"]
[EventType "swiss"]
[EventCountry "UAE"]
[SourceTitle "playchess.com"]
[Source "ChessBase"]
[SourceQuality "1"]

1. d4 Nf6 2. Nf3 b6 3. g3 Bb7 4. Bg2 e6 5. O-O Be7 6. c4 O-O 7. d5 Na6 8. Nc3 Bb4 9. Na4 exd5 10. Nh4 c6 11. cxd5 cxd5 12. a3 Be7 13. Nc3 Re8 14. Nf5 Nc7 15. Bf4 Bc6 16. Rc1 Bf8 17. Re1 Ne6 18. Bd6 d4 19. Na2 Bxg2 20. Kxg2 Ne4 21. Bxf8 Qf6 22. Bxg7 Nxg7 23. Nxg7 Qxf2+ 24. Kh1 Kxg7 25. Qb3 Re6 26. Rf1 Qxe2 27. Rce1 Qh5 28. Rd1 Rh6 29. h4 Rg6 30. Qxf7+ Kh8 31. Rd3 Nxg3+ 0-1

[Event "25th Abu Dhabi Master 2018"]
[Site "Abu Dhabi"]
[Date "2018.08.14"]
[Round "8"]
[White "Petrosian, Tigran L"]
[Black "Akash G"]
[Result "0-1"]
[WhiteElo "2610"]
[BlackElo "2410"]
[Annotator "TA"]
[PlyCount "128"]
[EventDate "2018.08.05"]
[EventType "swiss"]
[EventCountry "UAE"]
[SourceTitle "playchess.com"]
[Source "ChessBase"]
[SourceQuality "1"]

1. e4 e5 2. Nf3 Nc6 3. Bc4 Nf6 4. d3 Be7 5. O-O O-O 6. Re1 d6 7. c3 Na5 8. Bb5 a6 9. Ba4 b5 10. Bc2 c5 11. Nbd2 Re8 12. Nf1 h6 13. h3 Bf8 14. g4 d5 15. Ng3 Nc6 16. Qe2 Be6 17. Kh2 Nh7 18. Bb3 d4 19. Nf5 c4 20. dxc4 d3 21. Qf1 Na5 22. Nd2 Nxc4 23. Bxc4 bxc4 24. b3 Rc8 25. Bb2 Qg5 26. Ne3 h5 27. f3 Red8 28. Rad1 Qf4+ 29. Kg2 Be7 30. Qf2 Qh6 31. Ndxc4 hxg4 32. Nxg4 Qh5 33. Qg3 Bxc4 34. bxc4 Bh4 35. Qxe5 Qxe5 36. Nxe5 Bxe1 37. Rxe1 Rc5 38. Ng4 Rxc4 39. Rd1 Ng5 40. Ne3 Ra4 41. a3 Rb8 42. Rd2 Ne6 43. Nd5 Ra5 44. Ne7+ Kh7 45. Nc6 Rg5+ 46. Kf2 Rb3 47. Nb4 Nc5 48. Ke3 Rg1 49. c4 a5 50. Nc6 Re1+ 51. Kf2 Rb1 52. Be5 a4 53. Na5 Rxa3 54. Ke3 Re1+ 55. Kf2 Rb1 56. Ke3 Nb3 57. Nxb3 Raxb3 58. c5 Rc1 59. Kd4 Rc2 60. Rd1 d2 61. c6 a3 62. c7 a2 63. Bd6 Rb1 64. Bc5 a1=Q+ 0-1

[Event "25th Abu Dhabi Master 2018"]
[Site "Abu Dhabi"]
[Date "2018.08.14"]
[Round "8"]
[White "Andersen, Mads"]
[Black "Debashis, Das"]
[Result "0-1"]
[WhiteElo "2601"]
[BlackElo "2539"]
[Annotator "RC"]
[PlyCount "94"]
[EventDate "2018.08.05"]
[EventType "swiss"]
[EventCountry "UAE"]
[SourceTitle "playchess.com"]
[Source "ChessBase"]
[SourceQuality "1"]

1. c4 f5 2. Nf3 Nf6 3. g3 e6 4. Bg2 d5 5. O-O Bd6 6. d3 O-O 7. Nc3 Na6 8. Qb3 c6 9. Rd1 Qe7 10. a3 Bd7 11. Qa2 Be8 12. b4 Bh5 13. Re1 Kh8 14. Rb1 Rad8 15. e4 fxe4 16. dxe4 Bxf3 17. Bxf3 Be5 18. Nd1 dxe4 19. Bg2 c5 20. b5 Nc7 21. Qe2 Bd4 22. Bxe4 Nxe4 23. Qxe4 Qf7 24. Be3 Bxe3 25. Qxe3 Rd4 26. Nb2 e5 27. Nd3 Qxc4 28. Nxe5 Qe6 29. Rbc1 b6 30. Qe2 Qb3 31. Nc6 Rd7 32. Rb1 Qxa3 33. Ne5 Rdd8 34. Qh5 Kg8 35. Nc6 Rd6 36. Re7 Qa2 37. Rf1 Nxb5 38. Qg4 Rg6 39. Qd7 Nd4 40. Ne5 Rg5 41. Kh1 h6 42. h4 Qe2 43. Kg2 Rxg3+ 44. Kxg3 Nf5+ 45. Kh2 Nxe7 46. Qe6+ Kh7 47. Qxe7 Rf5 0-1

[Event "25th Abu Dhabi Master 2018"]
[Site "Abu Dhabi"]
[Date "2018.08.14"]
[Round "8"]
[White "Tabatabaei, M amin"]
[Black "Tokhirjonova, Gulrukhbegim"]
[Result "0-1"]
[WhiteElo "2590"]
[BlackElo "2350"]
[Annotator "ChessBase"]
[PlyCount "208"]
[EventDate "2018.08.05"]
[EventType "swiss"]
[EventCountry "UAE"]
[SourceTitle "playchess.com"]
[Source "ChessBase"]
[SourceQuality "1"]

1. d4 Nf6 2. Nf3 e6 3. Bf4 c5 4. e3 Qb6 5. Nc3 cxd4 6. exd4 Bb4 7. Bd3 Nc6 8. a3 Nd5 9. Qd2 Qa5 10. O-O Bxc3 11. bxc3 Qxc3 12. Qxc3 Nxc3 13. Bd2 Na4 14. c4 d6 15. Bf4 Ke7 16. Bc2 Nb6 17. c5 dxc5 18. dxc5 Nd5 19. Bd6+ Kf6 20. h4 h6 21. Rfe1 g5 22. Rad1 Rg8 23. hxg5+ hxg5 24. Ne5 Kg7 25. Rd3 Nxe5 26. Bxe5+ f6 27. Bd6 Nf4 28. Rb3 f5 29. a4 a5 30. Be5+ Kg6 31. Rd1 Ra6 32. g3 Nd5 33. Bd3 Rc6 34. Bd6 Kf6 35. Bb5 Bd7 36. Kg2 Rh8 37. Re1 Rh7 38. Bc4 Rxd6 39. cxd6 Bc6 40. f3 g4 41. Bb5 gxf3+ 42. Kxf3 Bxb5 43. Rxb5 Rd7 44. Rxa5 Rxd6 45. Rc5 Rb6 46. Rc8 Rb3+ 47. Kf2 Rb2+ 48. Kf3 Rb3+ 49. Kg2 Ne3+ 50. Kh3 e5 51. Rec1 f4 52. R8c3 Rb4 53. a5 Kf5 54. gxf4 exf4 55. Rc7 Ke4 56. Kh4 Kd3 57. Rf7 Ke2 58. Ra1 Kf3 59. Ra3 Kf2 60. Ra2+ Kf3 61. Ra3 Kf2 62. Kh3 Kf3 63. Kh4 Kf2 64. Ra1 Kg2 65. Rg7+ Kf3 66. Rf7 Kg2 67. Ra2+ Kf3 68. Rf8 Rb5 69. Ra3 Rb4 70. Rf6 Ke4 71. Rf7 Nc4 72. Ra1 Ne3 73. Rf6 Ke5 74. Rf8 Ke4 75. Rb8 Rb5 76. Ra3 Kd4 77. Rf8 Kc5 78. Ra2 Nd5 79. Rf5 Kd4 80. Ra4+ Kc5 81. Kg5 Kc6 82. Ra1 Kd6 83. Kh4 Ke6 84. Rf8 Nf6 85. Kh3 Kf5 86. Ra3 Ke5 87. Kg2 Nd5 88. Kf3 Kd4 89. Rc8 Rb4 90. Kg4 Ke4 91. Re8+ Kd4 92. Kf5 Kc5 93. Re5 Kc6 94. Kg5 Rb5 95. Kh4 Kd6 96. Rf5 Ke6 97. Rf8 Rb1 98. Kg4 Rg1+ 99. Kh3 Rb1 100. Ra2 Rb3+ 101. Kg4 Rg3+ 102. Kh4 Rg7 103. Rb2 Ne3 104. Kh5 Nd5 0-1

[Event "25th Abu Dhabi Master 2018"]
[Site "Abu Dhabi"]
[Date "2018.08.14"]
[Round "8"]
[White "Jojua, Davit"]
[Black "Rathanvel, V S"]
[Result "1-0"]
[WhiteElo "2583"]
[BlackElo "2348"]
[Annotator "TA"]
[PlyCount "83"]
[EventDate "2018.08.05"]
[EventType "swiss"]
[EventCountry "UAE"]
[SourceTitle "playchess.com"]
[Source "ChessBase"]
[SourceQuality "1"]

1. d4 Nf6 2. c4 g6 3. g3 Bg7 4. Bg2 d5 5. cxd5 Nxd5 6. Nf3 Nb6 7. Nc3 Nc6 8. e3 O-O 9. O-O Re8 10. Nh4 e5 11. d5 Nb4 12. Qb3 Nd3 13. Rd1 e4 14. Nxe4 Nxc1 15. Raxc1 g5 16. d6 gxh4 17. dxc7 Qe7 18. Nd6 Rf8 19. Rd2 h3 20. Bf3 Be5 21. Qd1 Bxd6 22. Rxd6 Be6 23. Bxb7 Rae8 24. a4 Qg5 25. b4 Nc8 26. Rd4 Kh8 27. Rc5 Qg7 28. a5 f5 29. f4 Re7 30. Rd8 Kg8 31. Qd4 Ree8 32. b5 Qe7 33. Bxc8 Bxc8 34. Re5 Qxc7 35. Rexe8 Qc1+ 36. Kf2 Qc2+ 37. Ke1 Qb1+ 38. Qd1 Qb4+ 39. Kf2 Qb2+ 40. Qe2 Qxe2+ 41. Kxe2 Rxe8 42. Rxe8+ 1-0

[Event "25th Abu Dhabi Master 2018"]
[Site "Abu Dhabi"]
[Date "2018.08.14"]
[Round "8"]
[White "Yuffa, Daniil"]
[Black "Rapport, Jovana"]
[Result "1-0"]
[WhiteElo "2570"]
[BlackElo "2354"]
[Annotator "TA"]
[PlyCount "69"]
[EventDate "2018.08.05"]
[EventType "swiss"]
[EventCountry "UAE"]
[SourceTitle "playchess.com"]
[Source "ChessBase"]
[SourceQuality "1"]

1. e4 e6 2. Nf3 d5 3. Nc3 Nf6 4. e5 Nfd7 5. Ne2 b6 6. h4 c5 7. c3 Ba6 8. d4 cxd4 9. cxd4 Bb4+ 10. Bd2 Bxd2+ 11. Qxd2 Nc6 12. Nf4 Bxf1 13. Kxf1 h5 14. Ng5 Nf8 15. Rh3 Rh6 16. Rc1 Ne7 17. Rhc3 Nh7 18. Rc7 Nxg5 19. hxg5 Rh8 20. g6 Rc8 21. Rxc8 Nxc8 22. Qc2 Ne7 23. Qa4+ Qd7 24. gxf7+ Kd8 25. Qb4 g5 26. Nxh5 Ng6 27. Kg1 Qxf7 28. Nf6 Qe7 29. Qc3 Qb7 30. Qa3 Qb8 31. Rc6 Nf8 32. Rd6+ Kc8 33. Qc3+ Kb7 34. Qc6+ Ka6 35. Nd7 1-0

[Event "25th Abu Dhabi Master 2018"]
[Site "Abu Dhabi"]
[Date "2018.08.14"]
[Round "8"]
[White "Nihal Sarin"]
[Black "Kuybokarov, Temur"]
[Result "1/2-1/2"]
[WhiteElo "2556"]
[BlackElo "2499"]
[Annotator "ChessBase"]
[PlyCount "42"]
[EventDate "2018.08.05"]
[EventType "swiss"]
[EventCountry "UAE"]
[SourceTitle "playchess.com"]
[Source "ChessBase"]
[SourceQuality "1"]

1. Nf3 d5 2. b3 Bg4 3. Bb2 e6 4. g3 Bxf3 5. exf3 Nf6 6. Bg2 g6 7. f4 Bg7 8. O-O O-O 9. Re1 c5 10. d3 Nc6 11. Nd2 Rc8 12. Nf3 d4 13. h4 b5 14. a4 b4 15. Ne5 Ne7 16. Bc1 h5 17. Bd2 Nf5 18. Qf3 Nd5 19. Bh3 Bf6 20. Re2 Nde7 21. Rae1 Kg7 1/2-1/2